19th century art / (Record no. 5829)
[ view plain ]
| 000 -LEADER | |
|---|---|
| fixed length control field | 01315pam a2200361 a 4500 |
| 001 - CONTROL NUMBER | |
| control field | 4240668 |
| 003 - CONTROL NUMBER IDENTIFIER | |
| control field | OSt |
| 005 - DATE AND TIME OF LATEST TRANSACTION | |
| control field | 20260428170419.0 |
| 008 - FIXED-LENGTH DATA ELEMENTS--GENERAL INFORMATION | |
| fixed length control field | 830408s1984 njua b 001 0 eng |
| 010 ## - LIBRARY OF CONGRESS CONTROL NUMBER | |
| LC control number | 83003883 |
| 020 ## - INTERNATIONAL STANDARD BOOK NUMBER | |
| International Standard Book Number | 0131895621 |
| 020 ## - INTERNATIONAL STANDARD BOOK NUMBER | |
| International Standard Book Number | 0131895621 |
| 035 ## - SYSTEM CONTROL NUMBER | |
| System control number | 4240668 |
| 040 ## - CATALOGING SOURCE | |
| Original cataloging agency | DLC |
| Transcribing agency | Foundation University |
| Modifying agency | Foundation University |
| 050 00 - LIBRARY OF CONGRESS CALL NUMBER | |
| Classification number | N 6450 |
| Item number | .2005 R67 |
| 100 1# - MAIN ENTRY--PERSONAL NAME | |
| Personal name | Rosenblum, Robert. |
| 9 (RLIN) | 15742 |
| 245 10 - TITLE STATEMENT | |
| Title | 19th century art / |
| Statement of responsibility, etc. | painting by Robert Rosenblum ; sculpture by H.W. Janson. |
| 250 ## - EDITION STATEMENT | |
| Edition statement | Revised and updated edition |
| 260 ## - PUBLICATION, DISTRIBUTION, ETC. | |
| Place of publication, distribution, etc. | Englewood Cliffs, N.J. : |
| Name of publisher, distributor, etc. | Prentice-Hall ; |
| Place of publication, distribution, etc. | New York : |
| Name of publisher, distributor, etc. | Abrams, |
| Date of publication, distribution, etc. | c2005. |
| 264 ## - PRODUCTION, PUBLICATION, DISTRIBUTION, MANUFACTURE, AND COPYRIGHT NOTICE | |
| Copyright Date | 2005 |
| 300 ## - PHYSICAL DESCRIPTION | |
| Extent | 527 p. : |
| Other physical details | ill. (some col.) ; |
| Dimensions | 30 cm. |
| Materials specified | books |
| Type of unit | books |
| 336 ## - CONTENT TYPE | |
| Content type term | text |
| Content type code | txt |
| Source | rdacontent |
| 337 ## - MEDIA TYPE | |
| Media type term | unmediated |
| Media type code | n |
| Source | rdamedia |
| 338 ## - CARRIER TYPE | |
| Carrier type term | volume |
| Carrier type code | nc |
| Source | rdacarrier |
| Materials specified | n |
| 500 ## - GENERAL NOTE | |
| General note | Includes index. |
| 504 ## - BIBLIOGRAPHY, ETC. NOTE | |
| Bibliography, etc. note | Bibliography: p. [506]-514. |
| 650 #0 - SUBJECT ADDED ENTRY--TOPICAL TERM | |
| Topical term or geographic name entry element | Art, Modern |
| Chronological subdivision | 19th century. |
| 9 (RLIN) | 15634 |
| 700 1# - ADDED ENTRY--PERSONAL NAME | |
| Personal name | Janson, H. W. |
| Fuller form of name | (Horst Woldemar), |
| Dates associated with a name | 1913-1982. |
| 9 (RLIN) | 15743 |
| 740 0# - ADDED ENTRY--UNCONTROLLED RELATED/ANALYTICAL TITLE | |
| Uncontrolled related/analytical title | Nineteenth century art. |
| 906 ## - LOCAL DATA ELEMENT F, LDF (RLIN) | |
| a | 7 |
| b | cbc |
| c | orignew |
| d | 1 |
| e | ocip |
| f | 19 |
| g | y-gencatlg |
| 942 ## - ADDED ENTRY ELEMENTS (KOHA) | |
| Source of classification or shelving scheme | Library of Congress Classification |
| Koha item type | Books |
| Edition | Revised and updated edition |
| Classification part | N 6450 |
| Item part | .2005 R67 |
| Call number prefix | (DAFA-FA) |
| Withdrawn status | Lost status | Source of classification or shelving scheme | Damaged status | Not for loan | Collection code | Home library | Current library | Shelving location | Date acquired | Source of acquisition | Total Checkouts | Full call number | Barcode | Date last seen | Price effective from | Koha item type | Accession Number |
|---|---|---|---|---|---|---|---|---|---|---|---|---|---|---|---|---|---|
| Library of Congress Classification | Non-fiction | Foundation University Library | Foundation University Library | DoArchitecture & Fine Arts | 04/28/2026 | Donations | (DAFA-FA) N 6450 .2005 R67 | 0192026003354 | 04/28/2026 | 04/28/2026 | Books | DAFA-2026354 |
